000 00807nam a2200229 n 4500
003 OSt
005 20240519151111.0
008 211117s2017 my a g 000 0 may d
040 _aPPAK
_beng
_cPPAK
_erda
082 0 4 _223
_a796.09595
090 0 0 _a796.09595
_bSPA
_dKZR
245 0 0 _aSPASM22 :
_bSUKAN PERPUSTAKAAN AWAM SE-MALAYSIA
_cPERPUSTAKAAN KUALA LUMPUR
264 1 _aKuala Lumpur :
_bPerpustakaan Kuala Lumpur,
_c2017
300 _a13 pages :
_bcolour photographs ;
_c21 cm
336 _2rdacontent
_atext
337 _2rdamedia
_aunmediated
338 _2rdacarrier
_avolume
650 1 0 _aSports
_zKuala Lumpur
_zMalaysia
650 2 0 _aAthletes
710 2 _aPerpustakaan Kuala Lumpur,
_c(Dewan Mastikan, Institut Latihan DBKL,
_d10 -14 November),
_eorganizer.
942 _2ddc
_cB
999 _c195821
_d195821